Study on reprodctive inflamatory disease and effect of drugs at golden pig farm teuk phos district, kampong chhnang province; ការសិក្សាអំពីជំងឺរលាកផ្លូវបន្តពូជមេជ្រូកក្រោយសម្រាល និងប្រសិទ្ធភាពឱសថនៅកសិដ្ឋានជ្រូកមាស ក្នុងស្រុកទឹកផុស ខេត្តកំពង់ឆ្នាំង (Record no. 7090)

000 -LEADER
fixed length control field 00865nam a22001337a 4500
040 ## - CATALOGING SOURCE
Transcribing agency RUA
082 ## - DEWEY DECIMAL CLASSIFICATION NUMBER
Classification number VEM SIE 2014 B434 Or.1
100 ## - MAIN ENTRY--AUTHOR NAME
Personal name SIEN BUNTHORN; សៀង ប៊ុនថន
245 ## - TITLE STATEMENT
Title Study on reprodctive inflamatory disease and effect of drugs at golden pig farm teuk phos district, kampong chhnang province; ការសិក្សាអំពីជំងឺរលាកផ្លូវបន្តពូជមេជ្រូកក្រោយសម្រាល និងប្រសិទ្ធភាពឱសថនៅកសិដ្ឋានជ្រូកមាស ក្នុងស្រុកទឹកផុស ខេត្តកំពង់ឆ្នាំង
260 ## - PUBLICATION, DISTRIBUTION, ETC. (IMPRINT)
Place of publication Phnom Penh
Name of publisher RUA
Year of publication 2014
300 ## - PHYSICAL DESCRIPTION
Number of Pages x;37p.
Other physical details ill.
Dimensions 29cm.
856 ## - ELECTRONIC LOCATION AND ACCESS
Uniform Resource Identifier https://drive.google.com/file/d/1umIdsFQyRvhaT_VmS3nOOD2IvQRMO6G2/view?usp=sharing
942 ## - ADDED ENTRY ELEMENTS (KOHA)
Koha item type VEM
952 ## - LOCATION AND ITEM INFORMATION (KOHA)
Withdrawn status [LOCAL, KOHA] 0
952 ## - LOCATION AND ITEM INFORMATION (KOHA)
Withdrawn status [LOCAL, KOHA] 0
952 ## - LOCATION AND ITEM INFORMATION (KOHA)
Withdrawn status [LOCAL, KOHA] 0
952 ## - LOCATION AND ITEM INFORMATION (KOHA)
Withdrawn status [LOCAL, KOHA] 0
952 ## - LOCATION AND ITEM INFORMATION (KOHA)
Withdrawn status [LOCAL, KOHA] 0
952 ## - LOCATION AND ITEM INFORMATION (KOHA)
Withdrawn status [LOCAL, KOHA] 0
952 ## - LOCATION AND ITEM INFORMATION (KOHA)
Withdrawn status [LOCAL, KOHA] 0
952 ## - LOCATION AND ITEM INFORMATION (KOHA)
Withdrawn status [LOCAL, KOHA] 0
952 ## - LOCATION AND ITEM INFORMATION (KOHA)
Withdrawn status [LOCAL, KOHA] 0
Holdings
Permanent Location Date acquired Koha item type Lost status Shelving location Barcode Current Location Full call number
Library Block B2016-02-25VEM B434RUA052356Library Block BVEM SIE 2014 B434 Or.1
Library Block B2016-02-25VEM B434RUA053100Library Block BVEM SIE 2014 B434 Or.2
Library Block B2016-02-25VEM B434RUA053119Library Block BVEM SIE 2014 B434 Or.3
Library Block B2016-02-25VEM B434RUA052652Library Block BVEM SIE 2014 B434 Or.4
Library Block B2016-02-25VEM B434RUA053159Library Block BVEM SIE 2014 B434 Or.5
Library Block B2016-02-25VEM B434RUA053563Library Block BVEM SIE 2014 B434 Or.6
Library Block B2016-02-25VEM B434RUA053097Library Block BVEM SIE 2014 B434 Or.7
Library Block B2016-02-25VEM B434RUA053418Library Block BVEM SIE 2014 B434 Or.8
Library Block B2021-11-15VEM B692a066262Library Block BVEM SIE 2014 B692 Or.1
មជ្ឈមណ្ឌលឯការនៃសាកលវិទ្យាល័យភូមិន្ទកសិកម្មចំការដូង

Powered by Koha